Die Bevölkerungsreichsten Länder mit Linksverkehr - Statistiken

Allgemein
  • Dieses Quiz wurde 243 mal gespielt
  • Das Durchschnittsergebnis liegt bei 6 aus 10
Antwortstatistiken
Bevölkerung Land % Korrekt
66,040,229 Vereinigtes Königreich
93%
1,343,800,000 Indien
92%
126,330,000 Japan
74%
268,074,600 Indonesien
73%
203,764,000 Pakistan
67%
166,093,000 Bangladesch
61%
66,331,667 Thailand
59%
57,725,600 Südafrika
57%
52,214,791 Kenia
30%
55,890,747 Tansania
30%
Keine übereinstimmenden Quizze gefunden
Verteilung der Resultate
Anzahl Personen mit jedem Resultat
Perzentil nach korrekt beantworteten Fragen
Ihre Resultats-Entwicklung
Sie haben dieses Quiz noch nicht gespielt